000
00306nam a2200121Ia 4500
008
231228s1998 xx 000 0 und d
041
_a
eng
082
_a
658.314
_b
NAR
100
_a
NARAYAN (R.K.)
245
_a
Malgudi Days
260
_a
Mumbai
_b
Spenta Multimedia Pvt. Ltd. Mumbai
_c
1998
300
_a
246
999
_c
1084581
_d
1084581